000 00282nam a22001337a 4500
008 180903b xxu||||| |||| 00| 0 eng d
020 _a9780070041240
041 _aeng
080 _a37
100 _a25
101 _aEDU
245 _aGroup Theory
_cChandler.b
942 _2udc
_cBK
999 _c47461
_d47461